MARC details
| 000 -LEADER |
| fixed length control field |
02770nam a22003617a 4500 |
| 001 - CONTROL NUMBER |
| control field |
105945 |
| 003 - CONTROL NUMBER IDENTIFIER |
| control field |
KnowledgeUnlatched |
| 005 - DATE AND TIME OF LATEST TRANSACTION |
| control field |
20210303104939.0 |
| 006 - FIXED-LENGTH DATA ELEMENTS--ADDITIONAL MATERIAL CHARACTERISTICS |
| fixed length control field |
m o d |
| 007 - PHYSICAL DESCRIPTION FIXED FIELD--GENERAL INFORMATION |
| fixed length control field |
cr u|||||||||| |
| 008 - FIXED-LENGTH DATA ELEMENTS--GENERAL INFORMATION |
| fixed length control field |
210129p20072020xx o u00| u ger d |
| 037 ## - SOURCE OF ACQUISITION |
| Institution to which field applies |
BiblioBoard |
| 020 ## - INTERNATIONAL STANDARD BOOK NUMBER |
| International Standard Book Number |
9783954660285 |
| 029 1# - OTHER SYSTEM CONTROL NUMBER (OCLC) |
| OCLC library identifier |
https://library.biblioboard.com/ext/api/media/d1ffb354-1c11-4950-a2c0-84d8f19564c1/assets/thumbnail.jpg |
| 040 ## - CATALOGING SOURCE |
| Original cataloging agency |
ScCtBLL |
| Transcribing agency |
ScCtBLL |
| 245 00 - TITLE STATEMENT |
| Title |
Kindstod und Kindstötung |
| Statement of responsibility, etc. |
Frank Häßler, Renate Schepker. |
| 264 #1 - PRODUCTION, PUBLICATION, DISTRIBUTION, MANUFACTURE, AND COPYRIGHT NOTICE |
| Name of producer, publisher, distributor, manufacturer |
MWV Medizinisch Wissenschaftliche Verlagsgesellschaft, |
| 300 ## - PHYSICAL DESCRIPTION |
| Extent |
1 online resource (1 p.) |
| 506 0# - RESTRICTIONS ON ACCESS NOTE |
| Terms governing access |
Access copy available to the general public. |
| Standardized terminology for access restriction |
Unrestricted |
| Source of term |
star |
| 520 ## - SUMMARY, ETC. |
| Summary, etc. |
Gewalt an Kindern kann sich in vielfältigen Formen physischer und psychischer Gewalt oder Vernachlässigung präsentieren. Die Kindstötung stellt den Kulminationspunkt der Gewalt oder das Resultat einer psychischen Störung der Täterin/des Täters dar. Mit erschreckender Regelmäßigkeit berichten die Medien über Kindstötungen. Die Fälle lösen nicht nur bundesweit Betroffenheit aus, sondern werfen auch Fragen nach Ursachen und effektiven präventiven Schutzmaßnahmen auf. Für Deutschland ist von 1-2 % Kindstötungen unter den Tötungsdelikten auszugehen. Aufgrund der Komplexität der dem Phänomen zugrunde liegenden Problematiken ist aber eine hohe Dunkelziffer anzunehmen, da sich auch hinter dem "Plötzlichen Kindstod" Infantizide verbergen können und ein "Münchhausen-Syndrom by proxy" mit dem akzidentellen oder sogar intendierten Kindstod enden kann. Das vorliegende Buch erfasst das Phänomen Kindstod und Kindstötung aus dem Blickwinkel von forensischen Psychiatern, Pädiatern, Rechtsmedizinern und Juristen. Ausgehend von historischen Betrachtungen zeigen die Experten anhand von Untersuchungen und Einzelfällen Spezifika auf, die von großer Bedeutung im medizinischen und juristischen Alltag sind und die in dieser aktuellen und umfassenden Form hiermit erstmals zusammengeführt werden. |
| 588 0# - SOURCE OF DESCRIPTION NOTE |
| Source of description note |
Description based on print version record. |
| 590 ## - LOCAL NOTE (RLIN) |
| Local note |
KU Open Services |
| 650 #7 - SUBJECT ADDED ENTRY--TOPICAL TERM |
| Topical term or geographic name entry element |
Psychology / Research & Methodology |
| Source of heading or term |
bisacsh |
| 650 #0 - SUBJECT ADDED ENTRY--TOPICAL TERM |
| Topical term or geographic name entry element |
Psychology |
| 655 #0 - INDEX TERM--GENRE/FORM |
| Genre/form data or focus term |
Electronic books. |
| 700 1# - ADDED ENTRY--PERSONAL NAME |
| Personal name |
Häßler, Frank |
| Relator term |
editor. |
| 700 1# - ADDED ENTRY--PERSONAL NAME |
| Personal name |
Schepker, Renate |
| Relator term |
editor. |
| 758 ## - |
| -- |
Is found in: |
| -- |
Knowledge Unlatched |
| -- |
https://openresearchlibrary.org/module/2774bc74-146a-484f-a7ba-ab1d6a09bbfb |
| 856 40 - ELECTRONIC LOCATION AND ACCESS |
| Uniform Resource Identifier |
<a href="https://openresearchlibrary.org/content/d1ffb354-1c11-4950-a2c0-84d8f19564c1">https://openresearchlibrary.org/content/d1ffb354-1c11-4950-a2c0-84d8f19564c1</a> |
| Public note |
View this content on Open Research Library. |
| -- |
0 |